Compensación económica. Prueba del desequilibrio. Análisis con perspectiva de género / (Registro nro. 6052)
[ vista simple ]
| 000 -LEADER | |
|---|---|
| fixed length control field | 01301nab a22002297a 4500 |
| 003 - CONTROL NUMBER IDENTIFIER | |
| control field | OSt |
| 005 - DATE AND TIME OF LATEST TRANSACTION | |
| control field | 20260120232613.0 |
| 008 - FIXED-LENGTH DATA ELEMENTS--GENERAL INFORMATION | |
| fixed length control field | 190514b xxu||||| |||| 00| 0 spa d |
| 040 ## - CATALOGING SOURCE | |
| Transcribing agency | PJ |
| 100 ## - MAIN ENTRY--PERSONAL NAME | |
| 9 (RLIN) | 6656 |
| Personal name | Ferrero, Cecilia M. |
| 245 10 - TITLE STATEMENT | |
| Title | Compensación económica. Prueba del desequilibrio. Análisis con perspectiva de género / |
| Statement of responsibility, etc | Cecilia M. Ferrero. |
| 300 ## - PHYSICAL DESCRIPTION | |
| Extent | p. 64-77 |
| 500 ## - GENERAL NOTE | |
| General note | Cita: TR LALEY AR/DOC/249/2024. |
| 505 ## - FORMATTED CONTENTS NOTE | |
| Formatted contents note | Sumario: I. Reseña del fallo. Hechos de la demanda.— II. Introducción.— III. La intervención judicial en los procesos de familia. Valoración de los antecedentes con perspectiva de género.— IV. Cuantificación de la compensación económica.— V. Tratamiento del reclamo referido a la atribución de la vivienda y división de condominio.— VI. Conclusión. |
| 505 ## - FORMATTED CONTENTS NOTE | |
| Title | Fallo comentado: Juz. Familia N.° 1, Tigre ~ 14/09/2023 ~ W. G. c. K. D. s/ acción compensación económica. |
| 650 #0 - SUBJECT ADDED ENTRY--TOPICAL TERM | |
| 9 (RLIN) | 967 |
| Topical term or geographic name as entry element | DERECHO DE FAMILIA |
| 650 #0 - SUBJECT ADDED ENTRY--TOPICAL TERM | |
| 9 (RLIN) | 5830 |
| Topical term or geographic name as entry element | COMPENSACIÓN ECONÓMICA |
| 650 #0 - SUBJECT ADDED ENTRY--TOPICAL TERM | |
| 9 (RLIN) | 4044 |
| Topical term or geographic name as entry element | PERSPECTIVA DE GÉNERO |
| 650 #0 - SUBJECT ADDED ENTRY--TOPICAL TERM | |
| 9 (RLIN) | 1057 |
| Topical term or geographic name as entry element | JURISPRUDENCIA APLICABLE |
| 773 0# - HOST ITEM ENTRY | |
| Host Biblionumber | 2844 |
| Host Itemnumber | 3222 |
| Place, publisher, and date of publication | Buenos Aires : AbeledoPerrot, 1989- |
| Title | Derecho de familia. Revista Interdisciplinaria de doctrina y jurisprudencia. Abril 2024-II. |
| International Standard Book Number | 18511201 |
| 942 ## - ADDED ENTRY ELEMENTS (KOHA) | |
| Source of classification or shelving scheme | |
| Koha item type | Analítica Artículo de Revista |
No hay ítems disponibles.
